000
00278nam a22001097a 4500
008
160422b xxu||||| |||| 00| 0 eng d
020
_a
0323009891
041
_a
eng
080
_a
618.2
245
_a
Pediatric nursing :
_c
Donna L. Wong; Marilyn hockenberry Eaton;
942
_2
udc
_c
BK
999
_c
1514
_d
1514